000 01675nam a2200241Ia 4500
008 220216s9999 xx 000 0 und d
100 _aPatle GT
245 0 _aTemporal variability of climatic parameters and potential evapotranspiration
260 _bIndian Journal of Agricultural Sciences
_c2013
300 _a518-524
520 _aA study was undertaken to evaluate the temporal variability in climatic parameters and potential evapotranspiration (PET) of reference crop. Time series data (1981-2011) of mean daily minimum and maximum temperature, mean daily temperature, relative humidity, wind speed and sunshine hours were analysed using Mann-Kendall test and Sens slope estimator to establish the trend. The CROPWAT model was used to estimate the PET. Minimum temperature, mean daily temperature, relative humidity and wind showed increasing trend, whereas sunshine hour and ET had decreasing trend. results revealed that mean daily minimum and mean daily temperature increased by 0.02dC/year and 0.01dC/year, respectively. Mean daily maximum temperature remained constant over the period as indicated by the Sens slope.Mean daily relative humidity and wind speed increased by 0.11;per year and 0.57;km/year during 1981-2011. Mean daily sunshine hours and reference evapotranspiration decreased by 0.06 hour/year and 0.01 mm/year, respectively during 1981-2011.
650 _aClimate change
650 _aEvapotranspiration
650 _aMann-Kendall test
650 _aSens estimator
650 _aTrend analysis
700 _aKhanna Manoj
700 _aRai Anil
700 _aSahoo RN
700 _aSarangi A
700 _aSingh DK
942 _cJS
999 _c70370
_d70370